[Event "Erfurt Young Masters 2017"]
[Site "Erfurt"]
[Date "2017.07.31"]
[Round "1"]
[White "Szczepkowska-Horowska, Karina"]
[Black "Heinemann, Josefine"]
[Result "1/2-1/2"]
[WhiteElo "2396"]
[BlackElo "2294"]
[Annotator "TA"]
[PlyCount "66"]
[EventDate "2017.??.??"]
[EventType "tourn"]
[EventCountry "GER"]
[SourceTitle "playchess.com"]
[Source "ChessBase"]
[SourceQuality "1"]

{[%evp 18,66,33,33,45,31,39,31,34,28,15,25,21,-2,5,-1,-2,6,0,-6,15,-15,-8,-15,0,-32,0,-27,0,0,0,-16,0,-16,-25,-10,0,-23,0,-16,0,-30,31,-28,-34,-235,-1,-52,-68,-85,33]} 1. d4 Nf6 2. c4 g6 3. Nc3 d5 4. Bg5 Ne4 5. Bh4 Nxc3 6. bxc3 dxc4 7. e3 Be6 8. Be2 {D80: Grünfeld: Unusual White 4th moves and 4 Bg5} (8. Qb1 b6 9. Nh3 Bh6 10. Bg5 Bxg5 11. Nxg5 Qd5 12. Nxe6 Qxe6 13. Qb4 Qd5 14. Qxc4 Qxc4 15. Bxc4 e6 {1-0 (67) Nakamura,H (2785)-Giri,A (2771) Stavanger 2017}) 8... c6 9. Nf3 Nd7 10. O-O {[%mdl 1024] LiveBook: 5 Games. White is slightly better. White has compensation.} Bg7 11. Qc2 $146 ({Predecessor:} 11. Qb1 b5 12. a4 Qb6 13. Ng5 Bf6 14. axb5 cxb5 15. Nxe6 fxe6 {1-0 (38) Shcherbakov,R (2500)-Mikheev,S (2319) Kazan 2009}) 11... O-O 12. Rfb1 b6 13. Ng5 Bd5 $1 14. e4 f6 $1 {[%cal Rf6g5]} 15. Nxh7 (15. exd5 $5 {[%cal Rg5e6]} fxg5 16. Bxg5 (16. dxc6 gxh4 17. cxd7 Qxd7 $11) 16... cxd5 17. Re1 $11) 15... Kxh7 16. exd5 cxd5 17. Bf3 e6 18. Re1 Re8 $1 19. Re3 Nf8 20. Rae1 Kg8 21. g4 Qd7 22. Bg3 Rad8 23. h4 Qf7 24. Bg2 Re7 25. Rf3 Qe8 26. Rfe3 Qf7 27. Rf3 Qe8 28. Rfe3 $1 Qf7 29. Qa4 Bh6 ({Black should try} 29... f5 $11) 30. R3e2 (30. f4 $14) 30... f5 $11 {[#] And now ...f4 would win.} 31. Re3 $2 (31. f3 $15) 31... Bg7 $2 ({Don't do} 31... fxg4 32. R3e2) ({Better is} 31... Bxe3 $19 32. Rxe3 fxg4) 32. gxf5 ({White should play} 32. Qd1 $11) 32... gxf5 $15 33. Bf4 Bf6 {Precision: White = 28%, Black = 43%.} (33... Ng6 $17 34. Bg5 Bf6) 1/2-1/2

[Event "Erfurt Young Masters 2017"]
[Site "Erfurt"]
[Date "2017.07.31"]
[Round "1"]
[White "Brunello, Marina"]
[Black "Schneider, Jana"]
[Result "1-0"]
[WhiteElo "2367"]
[BlackElo "2258"]
[Annotator "TA"]
[PlyCount "99"]
[EventDate "2017.??.??"]
[EventType "tourn"]
[EventCountry "GER"]
[SourceTitle "playchess.com"]
[Source "ChessBase"]
[SourceQuality "1"]

{[%evp 18,99,20,14,18,-35,-35,-52,-39,-39,-19,-55,-19,-35,-40,-112,-106,-174,-43,-46,-19,-168,-177,-164,-161,-179,-142,-149,-101,-182,-227,-212,-210,-212,-193,-237,-201,-237,-223,-223,-214,-221,-201,-207,-174,-224,-216,-238,-237,-258,-257,-317,-158,-354,21,22,29,13,20,28,31,23,15,23,401,371,318,28,505,20,488,448,645,624,749,727,5114,5110,29982,29981,29992,29993,29994,29995]} 1. e4 e6 2. d4 d5 3. Nd2 c5 4. exd5 Qxd5 5. dxc5 Qxc5 (5... Bxc5 6. Ngf3 Nf6 7. Bc4 Qc6 8. O-O Nbd7 9. Qe2 a6 10. a4 b6 11. Nb3 Bb7 12. Nxc5 Nxc5 13. b4 Ncd7 14. Rd1 O-O 15. b5 {½-½ (31) Zherebukh,Y (2605)-So,W (2822) Saint Louis 2017}) 6. Ne4 {C07: French Tarrasch: 3...c5, 4 Ngf3 and 4 exd5 Qxd5} Qc7 7. Bd3 Nd7 8. Nf3 Ngf6 9. Nxf6+ Nxf6 10. O-O {LiveBook: 3 Games} Bd6 11. c4 $146 (11. c3 $11) ({Find the theoretical novelty and annotate with similar games:} 11. Bg5 Bd7 12. Qe2 Nd5 13. c4 Nf4 14. Bxf4 Bxf4 15. g3 {½-½ (108) McShane,L (2615)-Shimanov,A (2535) Stockholm 2009}) 11... b6 $15 12. h3 Bb7 13. Qe2 O-O 14. Re1 Rac8 15. Bd2 Rfd8 16. Bc3 {[#]} (16. Red1 $15) 16... Nh5 $1 $17 {[%cal Rh5f4]} 17. Qe3 (17. Be4 $17) 17... Nf4 (17... Bc5 $19 18. Bd4 Bxf3 19. Bxc5 Bxg2) 18. Bf1 $1 $15 ({Don't go for} 18. Qd4 $2 Bf8 $19) 18... Bc5 $36 {[%mdl 2048] White is under pressure.} 19. Bd4 (19. Nd4 $11 {and White is okay.}) 19... Bxf3 $19 20. Bxc5 Bxg2 ({But not} 20... bxc5 $6 21. Qxf3 Ng6 22. Rad1 $11) 21. Bxb6 axb6 22. Bxg2 Rd3 {[%cal Bd8d3,Bd3h3,Bh3h5][%mdl 32]} 23. Qe4 (23. Qe5 $17) 23... Nxh3+ 24. Bxh3 Rxh3 25. b3 Rh5 26. Rad1 Qh2+ 27. Kf1 Rg5 28. Rd3 h5 29. Red1 {White threatens Rd8+ and mate.} Rf5 {[%csl Gf5][%cal Rh2f2]} 30. Qg2 Qf4 31. Rd4 Qe5 32. Qe4 {[#]} Qf6 $1 33. R1d2 Rcc5 34. a4 g6 (34... Rce5 $19 {and Black stays clearly on top.} 35. Qh4 Rg5) 35. Qb7 $2 (35. Qa8+ $17 Kg7 36. Qd8) 35... h4 $2 ({Black should play} 35... Kg7 $19 36. R4d3 Qh4) 36. b4 $11 Rce5 {Threatens to win with ...h3.} 37. Qxb6 h3 38. Qd8+ $1 Qxd8 39. Rxd8+ {[%mdl 4096] Endgame KRR-KRR} Kg7 40. Kg1 g5 $2 {[%mdl 8192]} (40... Rg5+ $1 $11 41. Kh2 Rg2+ 42. Kxh3 Rg1) 41. a5 $18 g4 {With the idea ...Re1+.} 42. a6 $2 (42. R8d4 $18) 42... Re1+ $11 43. Kh2 Ra1 $2 {[%mdl 8192]} (43... Rf1 $1 $11 {and Black has nothing to worry.}) 44. b5 $18 Re5 (44... Rf1 $142 45. a7 R5xf2+ 46. Kg3 h2) 45. b6 Ree1 {Strongly threatening ...Rh1+.} 46. b7 Rg1 47. Rd1 Rg2+ 48. Kh1 {White mates.} Ra2 49. b8=Q Raxf2 50. Qe5+ {Precision: White = 46%, Black = 40%.} 1-0

[Event "Erfurt Young Masters 2017"]
[Site "Erfurt"]
[Date "2017.07.31"]
[Round "1"]
[White "Sieber, Fiona"]
[Black "Bulmaga, Irina"]
[Result "0-1"]
[WhiteElo "2287"]
[BlackElo "2412"]
[Annotator "TA"]
[PlyCount "72"]
[EventDate "2017.??.??"]
[EventType "tourn"]
[EventCountry "GER"]
[SourceTitle "playchess.com"]
[Source "ChessBase"]
[SourceQuality "1"]

{[%evp 18,72,9,0,34,21,32,28,35,38,23,35,30,0,8,-5,5,3,9,-175,-169,-182,-172,-262,-252,-229,-225,-861,-843,-852,-850,-960,-868,-988,-995,-989,-949,-1054,-1034,-968,-997,-947,-941,-1060,-1027,-5043,-5043,-5043,-5043,-5043,-5043,-5035,-5031,-1822,-1285,-29998,-29999]} 1. e4 c5 2. Nf3 d6 3. d4 cxd4 4. Nxd4 Nf6 5. Nc3 a6 6. Be3 e5 7. Nb3 Be6 8. Qd2 Nbd7 9. f3 b5 10. O-O-O Qc7 {B90: Sicilian Najdorf: Unusual White 6th moves, 6 Be3 Ng4 and 6 Be3 e5} (10... h5 11. Nd5 Rc8 12. g3 Bxd5 13. exd5 Nb6 14. Bh3 Nc4 15. Qe2 Rc7 16. Bg5 Be7 17. f4 Ng4 18. Bxg4 hxg4 19. Bxe7 Qxe7 {½-½ (38) So,W (2770)-Carlsen,M (2855) Leuven 2016}) 11. g4 h6 12. Kb1 Nb6 {White has an edge.} 13. Bxb6 Qxb6 14. h4 Be7 15. Bh3 b4 16. Nd5 Bxd5 17. exd5 a5 {[%cal Ba6a5,Ba5a4][%mdl 32] Hoping for ...a4.} 18. Rhe1 $146 (18. Nc1 $11 {and White stays safe.}) ({Predecessor:} 18. Qd3 a4 {0-1 (41) Koban,B (1957)-Hitter,G (1892) Hungary 2007}) 18... a4 $36 {[%mdl 2048] Black is in control.} 19. Nc1 {[#]} Ra5 $1 20. f4 (20. Qe3 $142 Qxe3 21. Rxe3) 20... Nxd5 ({Inferior is} 20... Rxd5 21. Qg2 $11) 21. fxe5 O-O ({Don't play} 21... Bxh4 22. exd6+ Kd8 23. Rf1) 22. e6 $2 {[#]} (22. Qd4 Qxd4 23. Rxd4 dxe5 24. Rdd1) 22... Nc3+ $1 {[%mdl 512]} 23. Ka1 (23. bxc3 bxc3+) 23... a3 24. exf7+ Rxf7 {Threatens to win with ...axb2+.} 25. g5 axb2+ 26. Kxb2 hxg5 27. hxg5 Qa6 {[%cal Ra5a2]} 28. Be6 {[#]} d5 $1 {[%cal Ra5a2]} ({Stronger than} 28... Bxg5 29. Qxd6 Na4+ 30. Kb1 $11) 29. Bxf7+ Kxf7 30. Qf4+ Kg8 {[%cal Ra5a2]} 31. Nb3 Rxa2+ 32. Kc1 Qa3+ 33. Kd2 Qxb3 $1 34. Rc1 Ne4+ 35. Kd1 Qc4 {( -> ...Nc3+)} 36. Qe5 {[#]} Qd3+ $1 {[%mdl 512] Precision: White = 28%, Black = 90%.} 0-1

[Event "Erfurt Young Masters 2017"]
[Site "Erfurt"]
[Date "2017.07.31"]
[Round "1"]
[White "Osmanodja, Filiz"]
[Black "Pourkashiyan, Atousa"]
[Result "1/2-1/2"]
[WhiteElo "2273"]
[BlackElo "2289"]
[Annotator "TA"]
[PlyCount "73"]
[EventDate "2017.??.??"]
[EventType "tourn"]
[EventCountry "GER"]
[SourceTitle "playchess.com"]
[Source "ChessBase"]
[SourceQuality "1"]

{[%evp 14,73,-19,-22,-15,-41,-24,-35,-31,-52,-46,-58,-48,-59,-48,-55,-61,-63,-55,-55,-53,-50,-53,-93,-77,-118,-106,-113,-81,-112,-120,-120,-89,-226,-202,-157,0,-40,0,7,50,50,58,58,65,55,112,128,150,161,155,164,144,124,105,0,0,0,0,0,0,0]} 1. e4 e5 2. Bc4 Nf6 3. d3 c6 4. Nd2 (4. Nf3 d5 5. Bb3 Bb4+ 6. Bd2 Bd6 7. Nc3 dxe4 8. Ng5 O-O 9. Ncxe4 Be7 10. h4 Nbd7 11. Qf3 Qe8 12. O-O-O a5 13. a3 {1-0 (23) Caruana,F (2817)-Akobian,V (2645) chess.com INT 2017}) 4... d5 5. Bb3 Nbd7 {[%cal Bb8d7,Bd7f8,Bf8g6,Bg6f4,Bf4h3][%mdl 32]} 6. Ngf3 {[%cal Bg1f3,Bf3h4,Bh4f5][%mdl 32] C24: Bishop's Opening: 2...Nf6} Bd6 7. O-O O-O 8. c3 {LiveBook: 5 Games} Re8 9. Bc2 $146 ({Predecessor:} 9. Re1 h6 10. h3 Qc7 11. Nf1 Nc5 12. Bc2 dxe4 13. dxe4 a5 14. a4 {1-0 (41) Dittmar,P (2309)-Zude,A (2443) Bad Woerishofen 2011}) 9... Nf8 10. Nh4 Bc7 11. Nf5 Ng6 12. Qf3 Nf4 13. g3 Nh3+ 14. Kg2 Ng5 15. Qe2 Bxf5 16. exf5 {And now h4 would win.} h6 $1 {[%cal Bh7h6,Bh6h5][%mdl 32]} 17. h4 Ngh7 18. Rh1 h5 $1 19. f3 Qd7 20. g4 {[#]} e4 $1 {[%mdl 512]} 21. g5 {[%cal Rd3e4]} (21. dxe4 hxg4) 21... exf3+ $1 ({But not} 21... Qxf5 $6 22. dxe4 Nd7 23. Nb3 $11) 22. Qxf3 Ng4 23. Nf1 {[#]} (23. Nb3 $17 {is the only way for White.}) 23... d4 $1 $19 24. Bb3 Ne5 (24... Re1 $17 25. g6 dxc3 26. bxc3 Ne5 27. Qxh5 Nf6 28. gxf7+ Nxf7 29. Bxf7+ Qxf7 30. Qxf7+ Kxf7) 25. Qxh5 $15 Qxf5 26. Ng3 Qxd3 {...Ng6 is the strong threat.} 27. Rd1 $36 {[%mdl 2048] Black is under pressure.} Qg6 28. Qxg6 Nxg6 29. h5 Nh4+ (29... Nh8 $1 $14) 30. Kh3 $16 Nf3 31. g6 {[%cal Bg5g6,Bg6f7][%mdl 32]} Nhg5+ 32. Kg4 Re5 33. gxf7+ Kf8 {[#]} 34. Bf4 (34. Rh1 $1 $16) 34... Nh2+ $11 {The position is equal.} 35. Kh4 Nhf3+ 36. Kg4 Nh2+ 37. Kh4 {Precision: White = 44%, Black = 74%.} 1/2-1/2

[Event "Erfurt Young Masters 2017"]
[Site "Erfurt"]
[Date "2017.07.31"]
[Round "1"]
[White "Rogozenco, Teodora"]
[Black "Hoolt, Sarah"]
[Result "0-1"]
[WhiteElo "2169"]
[BlackElo "2439"]
[Annotator "TA"]
[PlyCount "54"]
[EventDate "2017.??.??"]
[EventType "tourn"]
[EventCountry "GER"]
[SourceTitle "playchess.com"]
[Source "ChessBase"]
[SourceQuality "1"]

{[%evp 10,54,13,0,34,18,33,50,84,24,58,61,87,95,99,83,89,38,47,47,41,-19,-15,-99,-96,-171,-175,-169,-181,-175,-177,-200,-200,-202,-195,-189,-162,-185,-139,-171,-175,-594,-638,-1648,-1606,-29990,-29991]} 1. d4 d5 2. c4 e6 3. Nc3 c6 4. cxd5 exd5 5. Bf4 Bf5 6. e3 Qb6 {D31: Queen's Gambit Declined: Semi-Slav without ...Nf6 (+ Marshall Gambit and Noteboom) and Exchange Variation lines without ...Nf6} 7. Qd2 Nf6 8. f3 Nbd7 {White is slightly better.} 9. Nge2 ({Better is} 9. g4 $1 $16 {[%cal Rg4f5]} Bg6 10. h4) 9... h6 10. g4 Be6 11. h4 $146 ({Predecessor:} 11. Bg3 a6 12. O-O-O Bb4 13. a3 Be7 14. h4 {1-0 (40) Neelotpal,D (2485)-Karthikeyan,P (2401) Kolkata 2012}) 11... Be7 12. O-O-O Qa5 13. Bg3 ({White should play} 13. Kb1 $16) 13... b5 $14 {[%cal Bb7b5,Bb5b4][%mdl 32]} 14. Qc2 Nb6 15. b3 (15. Nf4 $14) 15... Bd7 16. Nf4 (16. Bh3 $11 {remains equal.}) 16... Rc8 $1 $17 17. Be1 (17. Nce2 $17) 17... b4 $1 $19 {And now ...c5 would win.} 18. Nce2 c5 {[%cal Bc6c5,Bc5c4,Bc4b3][%mdl 32]} 19. Kb1 c4 $1 {[%cal Rc4b3]} 20. Rc1 {[#]} cxb3 $1 21. Qxb3 Nc4 22. Ka1 {[#]} Ba4 $1 {[%cal Ra4b3]} 23. Qd3 Qb5 $40 {[%mdl 128] ...b3 is the strong threat. Black goes for the king.} 24. Rb1 {[#]} b3 $1 {[%mdl 512]} 25. Bc3 $2 ({Avoid the trap} 25. axb3 $2 Qa6 $19) (25. Rxb3 {is tougher.} Bxb3 26. Qxb3 Qxb3 27. axb3 Nxe3 28. Bf2 Nc2+ 29. Kb2) 25... Ba3 {( -> ...b2+)} 26. axb3 Bxb3 27. Nc1 Bxc1 {Precision: White = 35%, Black = 81%.} 0-1

[Event "Erfurt Young Masters 2017"]
[Site "Erfurt"]
[Date "2017.07.31"]
[Round "2"]
[White "Hoolt, Sarah"]
[Black "Sieber, Fiona"]
[Result "1-0"]
[WhiteElo "2439"]
[BlackElo "2287"]
[Annotator "TA"]
[PlyCount "117"]
[EventDate "2017.??.??"]
[EventType "tourn"]
[EventCountry "GER"]
[SourceTitle "playchess.com"]
[Source "ChessBase"]
[SourceQuality "1"]

{[%evp 26,117,0,8,10,5,10,25,33,-21,-22,-25,-20,-29,-20,-29,0,-26,-14,-28,-20,-33,0,-9,0,-16,0,0,0,0,0,0,0,0,8,-31,0,-37,-24,-31,0,-79,-100,-87,-46,-145,-156,-170,-139,-211,-79,-114,0,-58,19,0,219,184,222,198,333,344,368,373,768,754,880,887,756,242,225,10,4,-57,-75,-381,-381,-429,-381,-316,482,465,5908,5883,5481,5206,1652,549,508,503,29997,29998,29998,29999]} 1. e4 e5 2. Nf3 Nc6 3. Bb5 a6 4. Ba4 Nf6 5. O-O Be7 6. d3 b5 7. Bb3 d6 8. a4 Bd7 9. c3 O-O 10. Re1 Na5 11. Bc2 c5 12. h3 Nc6 13. Nbd2 Re8 14. Nf1 h6 {C90: Closed Ruy Lopez with 7...d6: Early deviations} 15. Ne3 Bf8 16. Bb3 (16. Nh2 Be6 17. Nhg4 Nxg4 18. hxg4 Ne7 19. Qf3 d5 20. Nf5 Ng6 21. g3 b4 {1-0 (49) Almasi,Z (2689)-Melkumyan,H (2622) Bastia 2015}) 16... Be6 $146 {White has an edge.} ({Predecessor:} 16... Rb8 17. axb5 axb5 18. Nh2 Be6 19. Bxe6 fxe6 20. Neg4 Nh7 21. Nf3 Qc7 22. d4 exd4 23. cxd4 {1-0 (55) Grandelius,N (2581)-Luukkonen,T (2334) Stockholm 2014}) 17. Bd5 (17. axb5 $14 axb5 18. Rxa8 Qxa8 19. Bxe6 fxe6 20. Qb3) 17... Bxd5 $11 18. exd5 Ne7 19. c4 bxc4 20. dxc4 Nd7 21. Qc2 g6 22. g4 Bg7 23. Ra3 Nf8 24. Kh2 Qd7 25. Rg1 Nh7 26. Nf1 Rab8 27. Ng3 Kh8 28. Nh4 Bf6 29. Ng2 Ng8 30. Rf3 Bg7 31. Nh4 {Strongly threatening Rxf7!} Ngf6 (31... e4 $5 {[%cal Re4f3]} 32. Re3 Bf6 $11) 32. b3 Re7 33. Ngf5 (33. Re1 $11) 33... gxf5 $17 34. Nxf5 Ng5 35. Bxg5 ({White should play} 35. Re3 $15) 35... hxg5 36. Nxe7 Qxe7 37. Re1 (37. Qf5 $17 {keeps fighting.}) 37... e4 (37... Nd7 $19 {and Black stays clearly on top.} 38. Rh1 Kg8) 38. Rf5 Qb7 (38... Re8 $1 $17 39. Qd2 Nh7) 39. Re3 (39. Qc1 $11) 39... Nh7 (39... Re8 $1 $15) 40. Qxe4 $11 {aiming for h4!} Be5+ $2 (40... Bd4 $11 {and Black is okay.}) 41. Rxe5 $18 dxe5 42. Qxe5+ Kg8 (42... f6 $142 43. Qd6 Qc8) 43. d6 {[%cal Bd5d6,Bd6d7][%mdl 32]} Rc8 44. Qf5 {Hoping for Re7.} Qc6 $2 (44... Qb8 45. Kg1 Re8) 45. Kg1 $1 Rf8 46. d7 Kg7 47. Qe5+ $2 (47. Re7 Qf6 48. Re8) 47... Qf6 {[#]} 48. Qxc5 $2 (48. Qc7 $1 $18 Qd8 49. Qc6 (49. Qxc5 Qxd7 50. Qb6 f5 $11)) 48... Rd8 $11 49. Qc8 (49. Rd3 $11) 49... Nf8 $15 50. Re8 $2 {[%mdl 8192]} (50. Rd3 $17 {is tougher.}) 50... Rxd7 $19 51. Rxf8 {[%mdl 4096] Endgame KQR-KQR} Rd1+ 52. Kg2 {[#]} Qe5 $4 {[%mdl 8192]} (52... Rd2 $1 $19 53. Rg8+ (53. Qc5 $2 Rd3 $19) 53... Kh7 54. Rh8+ Qxh8 55. Qf5+ Kh6 56. Qxf7 Qe5 57. Qf8+ Qg7) 53. Qe8 Qf4 (53... Qxe8 $142 54. Rxe8 Ra1) 54. Rg8+ $18 Kh7 55. Rh8+ Kg6 56. Qc6+ Rd6 57. Qf3 Qd2 (57... Qxf3+ $18 58. Kxf3 Rd3+ 59. Ke4 Rxb3) 58. Qf5+ Kg7 59. Rh7+ {Precision: White = 30%, Black = 30%.} 1-0

[Event "Erfurt Young Masters 2017"]
[Site "Erfurt"]
[Date "2017.07.31"]
[Round "2"]
[White "Bulmaga, Irina"]
[Black "Osmanodja, Filiz"]
[Result "1-0"]
[WhiteElo "2412"]
[BlackElo "2273"]
[Annotator "TA"]
[PlyCount "129"]
[EventDate "2017.??.??"]
[EventType "tourn"]
[EventCountry "GER"]
[SourceTitle "playchess.com"]
[Source "ChessBase"]
[SourceQuality "1"]

{[%evp 24,129,-14,-6,7,25,19,14,43,25,79,45,133,-18,-29,-76,-79,-77,-72,-76,-85,-78,-81,-95,-89,-98,-55,-66,-61,-57,-53,-56,-57,-61,-46,-45,-53,-75,-86,-85,-61,-61,-50,-60,-58,-56,-53,-55,-30,-31,-18,-14,-17,-22,-12,-33,12,14,65,60,67,26,228,206,205,158,181,146,149,157,181,181,159,154,153,149,302,284,436,399,611,509,558,481,836,834,747,659,755,786,721,662,977,938,12840,12840,12841,12841,12842,12843,29989,29990,29991,29992,29997,29998,29998,29999]} 1. d4 Nf6 2. Nf3 d5 3. e3 e6 4. Bd3 Bd6 5. O-O O-O 6. b3 b6 7. Bb2 Bb7 8. c4 Ne4 {E14: Queen's Indian: Classical Variation (4 e3)} (8... Nbd7 9. Nc3 a6 10. Qe2 Ne4 11. Rfd1 Qe7 12. Rac1 f5 13. h3 Rf7 14. Bb1 Raf8 15. a4 Rf6 16. Ne5 Nxe5 17. dxe5 Bxe5 18. Nxe4 Bxb2 19. Nxf6+ Qxf6 {1-0 (69) Bacrot,E (2695)-Cornette,M (2586) chess.com INT 2017}) 9. Nc3 a6 10. cxd5 exd5 11. Qc2 Re8 12. Ne2 Nd7 13. Rac1 {LiveBook: 9 Games} Ndf6 $146 ({Predecessor:} 13... Rc8 14. Ng3 g6 15. Qe2 b5 16. a4 c6 17. Rc2 {1-0 (43) Lomakin,V (2195)-Sanz Wawer,D (2119) Krakow 2015}) 14. Ne5 c5 15. f3 Ng5 16. Ng3 Rc8 (16... Ne6 $11) 17. Qf2 $16 g6 (17... cxd4 $14 18. Rxc8 (18. exd4 Nd7 $14) 18... Bxc8 19. exd4 g6) 18. h4 $2 ({White must play} 18. f4 $1 $16 {[%cal Rf4g5]} Nge4 19. Nxe4 dxe4 20. Bc4) 18... Ne6 $11 19. f4 cxd4 20. exd4 Rxc1 $1 21. Rxc1 Bxe5 $1 22. fxe5 ({Wrong is} 22. dxe5 $2 Ng4) 22... Ng4 $1 {[%csl LRf2,LRh4]} 23. Qf3 Qxh4 24. Nf1 Nh6 25. Qg3 Qxg3 26. Nxg3 Rc8 27. Rxc8+ Bxc8 28. Ne2 Ng4 29. Nc3 Bb7 30. Na4 b5 $1 {[%cal Rb5a4]} 31. Nc5 Nxc5 32. dxc5 $17 {[%mdl 4096] Endgame KBB-KBN} Kf8 33. Be2 Nh6 34. Kf2 Ke7 35. g4 b4 36. Ke3 Kd7 37. Kd4 Ng8 38. Bc1 Ne7 39. Bg5 Nc6+ 40. Kxd5 Nd8+ ({Black should try} 40... a5 $11) 41. Kc4 $14 {Hoping for Bxd8.} Nc6 $1 42. Bd2 a5 $2 {[#]} (42... Bc8 $11 {and Black stays safe.}) 43. Kb5 $1 $18 Kc7 {...Nd4+ is the strong threat.} 44. Be3 h6 45. e6 fxe6 46. Bc4 Bc8 47. Bxh6 e5 {[#]} 48. Bd5 $1 {[%cal Rd5c6]} Nd4+ 49. Kxa5 Bxg4 $2 (49... Nc6+ $16 {keeps fighting.} 50. Kb5 Bxg4) 50. Kxb4 Bf5 (50... Ne6 $142 51. a4 Nf4) 51. Kc4 Nc2 (51... Kc8 $142 52. a4 Bg4) 52. Kc3 Na3 53. b4 Nb5+ (53... Kd7 $142 54. Bg2 Kc8) 54. Kc4 Na3+ 55. Kb3 Nb5 56. a4 {[%cal Ba2a4,Ba4a5][%mdl 32]} Nd4+ 57. Kc3 Ne2+ 58. Kd2 Nf4 59. Bxf4 exf4 {KB-KB} 60. b5 {[%cal Bb4b5,Bb5b6][%mdl 32]} g5 61. a5 Kb8 62. b6 {White mates.} Bc8 63. c6 {[%csl Gb6][%cal Bc5c6,Bc6c7][%mdl 32]} Ba6 64. c7+ Kc8 65. Be6+ {Precision: White = 76%, Black = 38%.} 1-0

[Event "Erfurt Young Masters 2017"]
[Site "Erfurt"]
[Date "2017.07.31"]
[Round "2"]
[White "Brunello, Marina"]
[Black "Rogozenco, Teodora"]
[Result "1-0"]
[WhiteElo "2367"]
[BlackElo "2169"]
[Annotator "NA"]
[PlyCount "49"]
[EventDate "2017.??.??"]
[EventType "tourn"]
[EventCountry "GER"]
[SourceTitle "playchess.com"]
[Source "ChessBase"]
[SourceQuality "1"]
[TimeControl "40/5400+30:900+30"]

1. e4 {[%emt 0:00:00]} d6 {[%emt 0:00:11]} 2. d4 {[%emt 0:00:11]} Nf6 {[%emt 0:00:06]} 3. Nc3 {[%emt 0:00:22]} e5 {[%emt 0:00:05]} 4. Nf3 {[%emt 0:00:15]} Nbd7 {[%emt 0:00:04]} 5. Bc4 {[%emt 0:00:59]} Be7 {[%emt 0:00:05]} 6. O-O {[%emt 0:02:19]} O-O {[%emt 0:00:07]} 7. a4 {[%emt 0:02:28]} a5 {[%emt 0:00:06]} 8. h3 {[%emt 0:02:02]} h6 {[%emt 0:00:07]} 9. Be3 {[%emt 0:07:32]} c6 {[%emt 0:00:07]} 10. Ba2 {[%emt 0:01:28]} Qc7 {[%emt 0:00:40]} 11. Qd2 {[%emt 0:01:16]} Re8 {[%emt 0:00:19]} 12. Rfe1 {[%emt 0:01:11]} Nf8 {[%emt 0:00:10]} 13. Rad1 {[%emt 0:01:58]} Ng6 {[%emt 0:00:08]} 14. dxe5 {[%emt 0:13:22]} dxe5 {[%emt 0:00:28]} 15. Bxh6 {[%emt 0:01:56]} gxh6 {[%emt 0:09:40]} 16. Qxh6 {[%emt 0:02:35]} Nf8 {[%emt 0:06:24]} 17. Qg5+ {[%emt 0:13:12]} Kh7 {[%emt 0:03:53]} 18. Bxf7 {[%emt 0:02:37]} Rd8 {[%emt 0:04:36]} 19. Rxd8 {[%emt 0:01:10]} Bxd8 {[%emt 0:02:55]} 20. Nxe5 {[%emt 0:00:28]} Kh8 {[%emt 0:08:31]} 21. Qh6+ {[%emt 0:05:32]} N6h7 {[%emt 0:00:26]} 22. Ng6+ {[%emt 0:00:11]} Nxg6 {[%emt 0:00:10]} 23. Qxg6 {[%emt 0:00:06]} Nf6 {[%emt 0:01:00]} 24. e5 {[%emt 0:00:18]} Qe7 {[%emt 0:00:32]} 25. Qxf6+ {[%emt 0:00:12]} 1-0